| 000 | 00464nam a2200121Ia 4500 | ||
|---|---|---|---|
| 008 | 170224s9999 xx 000 0 und d | ||
| 245 | _aPotential negative effects of perspective-taking efforts in the context of close relationships: Increased bias and reduced satisfaction: Correction to Vorauer and Sucharyna (2013). | ||
| 260 | _bJournal of Personality and Social Psychology | ||
| 260 | _c2014 | ||
| 300 | _a107:6 | ||
| 500 | _aDecember | ||
| 650 | _xPsychology. | ||
| 999 |
_c316324 _d316324 |
||